| 000 | 00761nam a2200229 u 4500 | ||
|---|---|---|---|
| 005 | 20210223132432.0 | ||
| 008 | 140827s2010 es r 000 0 spa d | ||
| 020 | _a9788448830038 | ||
| 035 | _aUPN01000199200 | ||
| 049 | _aI | ||
| 050 | 4 |
_aPZ57 _bG8.5 |
|
| 100 | 1 |
_aGüettler, Kalle, _d1949- _936081 |
|
| 245 | 1 | 4 |
_aLos monstruos grandes no lloran / _cKalle Güettler, Rakel Helmsdal, Aslaug Jónsdóttir ; tr. Ua Matthíasdóttir. |
| 260 |
_aBarcelona, Esp. : _bBeascoa, _c2010. |
||
| 300 |
_a[32] p. : _bil. col. |
||
| 534 |
_pTítulo original: _tStór skrímsli gráta ekki |
||
| 650 | 4 |
_aCUENTOS INFANTILES SUECOS _923422 |
|
| 700 | 1 |
_aHelmsdal, Rakel, _ecoaut. |
|
| 700 | 1 |
_aJónsdóttir, Aslaug, _ecoaut. |
|
| 905 | _aInfantil | ||
| 999 |
_c171301 _d171301 |
||